<?xml version="1.0" encoding="UTF-8"?>
<record
    xmlns:xsi="http://www.w3.org/2001/XMLSchema-instance"
    xsi:schemaLocation="http://www.loc.gov/MARC21/slim http://www.loc.gov/standards/marcxml/schema/MARC21slim.xsd"
    xmlns="http://www.loc.gov/MARC21/slim">

  <leader>05038nam a2200457 a 4500</leader>
  <controlfield tag="001">dia_7821</controlfield>
  <controlfield tag="003">CHAP</controlfield>
  <controlfield tag="005">20240618125117.0</controlfield>
  <controlfield tag="007">ta</controlfield>
  <controlfield tag="008">220601s2019    mx od  fsm    001 0 spa d</controlfield>
  <datafield tag="040" ind1=" " ind2=" ">
    <subfield code="a">mxchpua</subfield>
    <subfield code="c">CHAP</subfield>
    <subfield code="e">rda</subfield>
  </datafield>
  <datafield tag="041" ind1="0" ind2=" ">
    <subfield code="a">spa</subfield>
    <subfield code="b">eng</subfield>
  </datafield>
  <datafield tag="090" ind1=" " ind2=" ">
    <subfield code="a">Tesis </subfield>
    <subfield code="b">G37 </subfield>
    <subfield code="c">2019</subfield>
  </datafield>
  <datafield tag="100" ind1="1" ind2=" ">
    <subfield code="a">Garc&#xED;a Maceda, Guadalupe</subfield>
  </datafield>
  <datafield tag="240" ind1="1" ind2="0">
    <subfield code="a">Flour development from seeds of Leucanea esculenta (DC) benth for food use. </subfield>
    <subfield code="l">Espa&#xF1;ol</subfield>
  </datafield>
  <datafield tag="245" ind1="1" ind2="0">
    <subfield code="a">Desarrollo de una harina de semilla de guaje Leucaena esculenta para uso alimenticio /</subfield>
    <subfield code="c">Guadalupe Garc&#xED;a Maceda</subfield>
  </datafield>
  <datafield tag="264" ind1=" " ind2=" ">
    <subfield code="a">Chapingo, M&#xE9;xico :</subfield>
    <subfield code="b">El autor,</subfield>
    <subfield code="c">2019</subfield>
  </datafield>
  <datafield tag="300" ind1=" " ind2=" ">
    <subfield code="a">xi, 92 hojas :</subfield>
    <subfield code="b">ilustraciones, fotos +</subfield>
    <subfield code="e">1 CD-ROM</subfield>
  </datafield>
  <datafield tag="336" ind1=" " ind2=" ">
    <subfield code="2">rdacontent</subfield>
    <subfield code="a">texto</subfield>
    <subfield code="b">txt</subfield>
  </datafield>
  <datafield tag="337" ind1=" " ind2=" ">
    <subfield code="2">rdamedia</subfield>
    <subfield code="a">no mediado</subfield>
    <subfield code="b">n</subfield>
  </datafield>
  <datafield tag="338" ind1=" " ind2=" ">
    <subfield code="2">rdacarrier</subfield>
    <subfield code="a">volumen</subfield>
    <subfield code="b">nc</subfield>
  </datafield>
  <datafield tag="500" ind1=" " ind2=" ">
    <subfield code="a">El CD contiene art&#xED;culo y reporte</subfield>
  </datafield>
  <datafield tag="502" ind1=" " ind2=" ">
    <subfield code="a">Tesis </subfield>
    <subfield code="b">(Maestro en Ciencia y Tecnolog&#xED;a Agroalimentar&#xED;a) -- </subfield>
    <subfield code="c">UACh. Departamento de Ingenier&#xED;a Agroindustrial,</subfield>
    <subfield code="d">2019</subfield>
  </datafield>
  <datafield tag="504" ind1=" " ind2=" ">
    <subfield code="a">Incluye bibliograf&#xED;as</subfield>
  </datafield>
  <datafield tag="520" ind1="3" ind2=" ">
    <subfield code="a">Las semillas de Leucaena esculenta, pertenecientes a la familia Leguminosae, se caracterizan por su alto valor nutritivo. En diferentes comunidades de M&#xE9;xico se consumen frescas, sin embargo, las semillas secas son subutilizadas. El objetivo de esta investigaci&#xF3;n fue modificar algunas propiedades nutricionales de las semillas secas de Leucaena esculenta, mediante un proceso termoalcalino, para la obtenci&#xF3;n de una harina &#xFA;til en la preparaci&#xF3;n de alimentos. Para optimizar el proceso termoalcalino se aplic&#xF3; el dise&#xF1;o San Crist&#xF3;bal, teniendo como respuestas el calcio y la prote&#xED;na. Las propiedades nutricionales y nutrac&#xE9;uticas de las semillas procesadas fueron comparadas con aquellas de las semillas sin procesar, adem&#xE1;s, en las semillas procesadasse evalu&#xF3; la toxicidad y se aislaron las fracciones proteicas. De acuerdo con los resultados, las condiciones &#xF3;ptimas del proceso termoalcalino fueron las siguientes: para 100 g de semillas se utiliz&#xF3; una soluci&#xF3;n (300 mL) de &#xF3;xido calcio a una concentraci&#xF3;n de 0.004 g mL-1, 42 minutos de cocci&#xF3;n y 8 h de reposo. En la harina de semillas secas con proceso termoalcalino el calcio aument&#xF3; en un 85 %, la fibra cruda fue 14.89 % menor, adem&#xE1;s se determin&#xF3; que el &#xE1;cido graso m&#xE1;s abundante fue el linoleico (35.80 %) y que las fraccionesproteicas mayoritarias corresponden a las glutelinas (56.40 %). Finalmente, la mimosina, amino&#xE1;cido t&#xF3;xico presente en las plantas del g&#xE9;nero Leucaena, no present&#xF3; diferencias significativas respecto a las semillas sin procesar. El desarrollo de esta harina, mediante la optimizaci&#xF3;n del proceso termoalcalino, permitir&#xE1; dar un uso alternativo a las semillas secas de Leucaena esculenta.</subfield>
  </datafield>
  <datafield tag="520" ind1="3" ind2=" ">
    <subfield code="a">Seeds of Leucaena esculenta belong to the Leguminosae family and they have a high nutritional value. Fresh seeds are consumed in different communities of Mexico; however, dried seeds are underutilized. The objective of this research was to modify some nutritional properties of the dried seeds of Leucaena esculenta by a thermal-alkaline process, in order to obtain a useful flour for food preparation. A San Crist&#xF3;bal design was used to optimize the thermal-alkaline process with calcium and protein as response variables. The nutritional andnutraceutical properties of the processed seeds (thermal-alkaline) were compared with those of the unprocessed raw seeds, in addition, in the processed seeds the toxicity was evaluated and the protein fractions were isolated. The optimal conditions of the thermal-alkaline process were: for 100 g of seeds a solution (300mL) of calcium oxide at a concentration of 0.004 g mL-1, 42 minutes of cooking and 8 h of rest. Calcium increased in 85 %, in flour of dry seeds with thermalalkaline process, crude fiber was 14.89 % smaller with respect to the unprocessed seeds. In addition it was determined that the most abundant fatty acid was thelinoleic (35.80 %) and that the majority protein fractions correspond to the glutelins (56.40 %). Finally, mimosine, a toxic amino acid present in seeds of the genus Leucaena did not present significant differences regarding the unprocessed seeds. The development of this flour, through the optimization of the thermalalkaline process, may be an alternative for the utilization of dry seeds of Leucaena esculenta.</subfield>
  </datafield>
  <datafield tag="650" ind1="1" ind2="3">
    <subfield code="a">Leucaena esculenta  </subfield>
    <subfield code="2">atg</subfield>
  </datafield>
  <datafield tag="650" ind1="1" ind2="3">
    <subfield code="a">Leucaena esculenta  </subfield>
    <subfield code="x">Harina</subfield>
    <subfield code="2">atg</subfield>
  </datafield>
  <datafield tag="650" ind1="1" ind2="3">
    <subfield code="a">Industria molinera  </subfield>
    <subfield code="2">atg</subfield>
  </datafield>
  <datafield tag="650" ind1="1" ind2="3">
    <subfield code="a">Leucaena esculenta  </subfield>
    <subfield code="x">Flour</subfield>
    <subfield code="2">atg</subfield>
  </datafield>
  <datafield tag="650" ind1="1" ind2="0">
    <subfield code="a">Milling industry  </subfield>
    <subfield code="2">atg</subfield>
  </datafield>
  <datafield tag="700" ind1="1" ind2=" ">
    <subfield code="a">Guerra Ram&#xED;rez, Diana</subfield>
    <subfield code="e">directora</subfield>
  </datafield>
  <datafield tag="700" ind1="1" ind2=" ">
    <subfield code="a">Ybarra Moncada, Ma. Carmen</subfield>
    <subfield code="e">asesora</subfield>
  </datafield>
  <datafield tag="700" ind1="1" ind2=" ">
    <subfield code="a">Casa&#xF1;as Pimentel, Rocio Guadalupe</subfield>
    <subfield code="e">asesora</subfield>
  </datafield>
  <datafield tag="856" ind1="4" ind2="1">
    <subfield code="u">http://10.13.5.2/tesis/tm/OPTIMIZACIONGUAJE.pdf</subfield>
    <subfield code="y">DESCARGAR PDF</subfield>
  </datafield>
  <datafield tag="901" ind1=" " ind2=" ">
    <subfield code="a">TESIS G37 2019</subfield>
  </datafield>
  <datafield tag="902" ind1=" " ind2=" ">
    <subfield code="a">A</subfield>
  </datafield>
  <datafield tag="905" ind1=" " ind2=" ">
    <subfield code="a">5232272019                          MX DNML8223123322SPA16</subfield>
  </datafield>
  <datafield tag="942" ind1=" " ind2=" ">
    <subfield code="c">TESIS</subfield>
    <subfield code="2">Clasificaci&#xF3;n Universidad Aut&#xF3;noma Chapingo</subfield>
  </datafield>
  <datafield tag="999" ind1=" " ind2=" ">
    <subfield code="c">209739</subfield>
    <subfield code="d">209739</subfield>
  </datafield>
  <datafield tag="952" ind1=" " ind2=" ">
    <subfield code="0">0</subfield>
    <subfield code="1">0</subfield>
    <subfield code="2">local</subfield>
    <subfield code="4">0</subfield>
    <subfield code="5">1</subfield>
    <subfield code="7">0</subfield>
    <subfield code="8">TESIS</subfield>
    <subfield code="a">IA_</subfield>
    <subfield code="b">IA_</subfield>
    <subfield code="d">2022-06-01</subfield>
    <subfield code="e">El autor</subfield>
    <subfield code="l">0</subfield>
    <subfield code="o">Tesis G37 2019</subfield>
    <subfield code="p">1101013318</subfield>
    <subfield code="r">2022-06-01 00:00:00</subfield>
    <subfield code="t">Ej. 2</subfield>
    <subfield code="y">CD</subfield>
  </datafield>
  <datafield tag="952" ind1=" " ind2=" ">
    <subfield code="0">0</subfield>
    <subfield code="1">0</subfield>
    <subfield code="2">local</subfield>
    <subfield code="4">0</subfield>
    <subfield code="5">1</subfield>
    <subfield code="7">0</subfield>
    <subfield code="8">TESIS</subfield>
    <subfield code="a">IA_</subfield>
    <subfield code="b">IA_</subfield>
    <subfield code="d">2022-08-19</subfield>
    <subfield code="e">El autor</subfield>
    <subfield code="l">1</subfield>
    <subfield code="o">Tesis G37 2019</subfield>
    <subfield code="p">1101013317</subfield>
    <subfield code="r">2022-08-19 00:00:00</subfield>
    <subfield code="s">2022-08-19</subfield>
    <subfield code="t">Ej. 1</subfield>
    <subfield code="y">CD</subfield>
  </datafield>
  <datafield tag="952" ind1=" " ind2=" ">
    <subfield code="0">0</subfield>
    <subfield code="1">0</subfield>
    <subfield code="2">local</subfield>
    <subfield code="4">0</subfield>
    <subfield code="7">0</subfield>
    <subfield code="8">TesDigM</subfield>
    <subfield code="a">IA_</subfield>
    <subfield code="b">IA_</subfield>
    <subfield code="c">E_L</subfield>
    <subfield code="d">2024-02-06</subfield>
    <subfield code="e">El autor</subfield>
    <subfield code="l">0</subfield>
    <subfield code="p">1201013317</subfield>
    <subfield code="r">2024-02-06 00:00:00</subfield>
    <subfield code="w">2024-02-06</subfield>
    <subfield code="y">TD</subfield>
  </datafield>
  <datafield tag="952" ind1=" " ind2=" ">
    <subfield code="0">0</subfield>
    <subfield code="1">0</subfield>
    <subfield code="2">local</subfield>
    <subfield code="4">0</subfield>
    <subfield code="5">1</subfield>
    <subfield code="7">0</subfield>
    <subfield code="8">TesDigM</subfield>
    <subfield code="a">BD</subfield>
    <subfield code="b">BD</subfield>
    <subfield code="c">E_L</subfield>
    <subfield code="d">2024-09-04</subfield>
    <subfield code="l">0</subfield>
    <subfield code="o">Tesis digital</subfield>
    <subfield code="r">2024-09-04 14:45:17</subfield>
    <subfield code="w">2024-09-04</subfield>
    <subfield code="y">TD</subfield>
  </datafield>
</record>
